| 000 | 00880cam a22002295a 4500 | ||
|---|---|---|---|
| 999 |
_c7519 _d7519 |
||
| 003 | OSt | ||
| 005 | 20200312070109.0 | ||
| 008 | 080731s2008 nyuae b 000 0 eng | ||
| 020 | _a9780500342435 (hbk.) | ||
| 042 | _alccopycat | ||
| 082 | 0 | 4 |
_a721.04498 _222 _bDRE |
| 100 | 1 |
_aDrew, Philip, _d1943- |
|
| 245 | 1 | 0 |
_aNew tent architecture / _cPhilip Drew. |
| 260 |
_aNew York : _bThames & Hudson, _c2008. |
||
| 300 |
_a208 p. : _bill. (chiefly col.), plans ; _c28 cm. |
||
| 504 | _aIncludes bibliographical resources (p. 202-203). | ||
| 505 | 0 | _aTents as architecture new shapes, new materials -- Gravity's line -- Small peaks -- Large waves -- Rings and convertibles -- Atrium covers, fabric walls -- New interpretations. | |
| 650 | 0 | _aTensile architecture. | |
| 650 | 0 |
_aTensile architecture _vDesigns and plans. |
|
| 650 | 0 |
_aArchitecture, Modern _y21st century. |
|
| 942 | _2ddc | ||